000 00592nam a22001937a 4500
005 20251108171933.0
008 250721s1988 xx 000 0 ara d
082 1 4 _a216.8/شاه
100 1 _aشاهين، أحمد عبد المغني
245 1 0 _aالجناية على العرض بالفعل و عقوبتها في الشريعة الإسلامية /
264 1 _aالقاهرة :
_c1988.
300 _a189ص
650 1 7 _aالإسلام
650 1 7 _aالعقوبات
650 1 7 _aالفقه
650 1 7 _aالقانون الجنائي
942 _2ddc
_cBK
999 _c66375
_d66375